How people buy online: (Record no. 181599)

MARC details
000 -LEADER
fixed length control field 00555nam a22001817a 4500
005 - DATE AND TIME OF LATEST TRANSACTION
control field 20210924150016.0
010 ## - LCCN (DPL NO)
LC control number ENG-129967
020 ## - INTERNATIONAL STANDARD BOOK NUMBER
Terms of availability 550.00
International Standard Book Number 9789353887537
035 ## - SYSTEM CONTROL NUMBER
System control number EN-113499
037 ## - SOURCE OF ACQUISITION
Source of stock number/acquisition DBAD/PUB
082 ## - DEWEY DECIMAL CLASSIFICATION NUMBER
Classification number 658.8342
100 ## - MAIN ENTRY--PERSONAL NAME
Personal name Gupa, Seema
245 ## - TITLE STATEMENT
Title How people buy online:
Statement of responsibility, etc by Seema Gupta
Remainder of title The Psychology Behind LConsumer Behaviour/
260 ## - PUBLICATION, DISTRIBUTION, ETC. (IMPRINT)
Name of publisher, distributor, etc Sage
Date of publication, distribution, etc 2021
270 ## - ADDRESS
City New Delhi
Address BI/1-1 Mohan Cooperative Industrial Area
Postal code 110044
300 ## - PHYSICAL DESCRIPTION
Extent xiv,258p.
Dimensions 21cm (pbk)
942 ## - ADDED ENTRY ELEMENTS (KOHA)
Source of classification or shelving scheme Dewey Decimal Classification
Item type English Books
Call number suffix GUP
Classification part 658.8342
Holdings
Withdrawn status Lost status Not for loan Collection code Home library Current library Date acquired Source of acquisition Cost, normal purchase price Full call number Barcode Copy number Cost, replacement price Koha item type
      Non-fiction Shahdara Branch Shahdara Branch 24/09/2021 DBAD/PUB 550.00 658.8342 GUP EN-113499 1 550.00 English Books

© Delhi Public Library
Hit Counter
free hit counter